000 00688nam a2200193 i 4500
001 34793
003 ES-MaACL
007 t|
008 030211s1983 sp ||||1| spa d
100 1 _aBonnassie, Pierre.
_930230
245 1 0 _aVocabulario básico de la historia medieval /
_cPierre Bonnassie ; traducción castellana y adaptación de Manuel Sánchez Martínez.
260 _aBarcelona :
_bCrítica,
_c[1983]
300 _a246 p. ;
_c20 cm.
490 1 _aSerie general. Estudios y ensayos ;
_v110
700 1 _aSánchez Martínez, Manuel.
_9102765
830 0 _aSerie general. Estudios y ensayos ;
_v110
_9181534
852 _aES-MaACL
_jL-6580
_bR.107205
999 _c34793
_d34793